Score 0/93 Timer 15:00
0 Plays Today
Hint Answer % Correct
Katniss
100%
Peeta
100%
Haymitch
97%
Gale
94%
Primrose
91%
Effie
91%
Finnick
86.6%
Glimmer
85.1%
Cato
83.6%
Clove
83.6%
Foxface
83.6%
Rue
83.6%
Marvel
82.1%
Cinna
82.1%
Annie
80.6%
Johanna
79.1%
President Snow
79.1%
Thresh
77.6%
Beetee
76.1%
Wiress
74.6%
Mrs. Everdeen
74.6%
Brutus
74.6%
Enobaria
73.1%
Mags
73.1%
Plutarch
71.6%
Gloss
71.6%
Madge
71.6%
Cashmere
70.1%
Boggs
70.1%
Cressida
68.7%
Buttercup
68.7%
Hint Answer % Correct
Octavia
67.2%
Blight
65.7%
President Coin
65.7%
Portia
65.7%
Seneca
65.7%
Venia
64.2%
Flavius
64.2%
Chaff
64.2%
Posy
62.7%
Rory
61.2%
Caesar
61.2%
Seeder
61.2%
Mayor Undersee
61.2%
Darius
61.2%
Hazelle
59.7%
Pollux
59.7%
Greasy Sae
59.7%
Woof
59.7%
Messalla
58.2%
Castor
56.7%
Leeg 1
56.7%
Leeg 2
56.7%
Morphling
56.7%
Morphling
56.7%
Jackson
56.7%
Claudius
55.2%
Mitchell
55.2%
Vick
53.7%
Cecelia
53.7%
Lady
52.2%
Homes
52.2%
Hint Answer % Correct
Lyme
50.7%
Mrs. Mellark
49.3%
Cray
49.3%
Lavinia
47.8%
Mr. Mellark
47.8%
Fulvia
46.3%
Bonnie
46.3%
Thread
44.8%
Titus
43.3%
Maysilee
43.3%
Atala
43.3%
Twill
43.3%
Ripper
37.3%
Tax
35.8%
Commander Paylor
34.3%
Mrs. Undersee
34.3%
Eddy
34.3%
Rooba
34.3%
Thom
32.8%
Dalton
32.8%
Leevy
32.8%
The Goat Man
31.3%
Purnia
31.3%
Dr. Aurelius
29.9%
Martin
28.4%
Jason
4.5%
Mellark Brother
4.5%
Mellark Brother
4.5%
Tigress
4.5%
Eddy's Sister
3%
Nelly
1.5%
Come Together.
Have Fun.
All Virtual.
We all need to come together. Play Sporcle's virtual live trivia to have fun, connect with people, and get your trivia on. Join a live hosted trivia game for your favorite pub trivia experience done virtually. If a virtual private party is more your thing, go here for details.

You're not logged in!

Compare scores with friends on all Sporcle quizzes.
OR
Log In

Sporcle TV

Today on Sporcle TV


Watch our educational content, quiz creation guides, and fun videos on Sporcle TV.

Show Comments

Extras

Created Jan 25, 2016ReportNominate
Tags:The Hunger Games Quiz

Top Quizzes Today


Score Distribution

Paid Content

Your Account Isn't Verified!

In order to create a playlist on Sporcle, you need to verify the email address you used during registration. Go to your Sporcle Settings to finish the process.

Report this User

Report this user for behavior that violates our Community Guidelines.

Details: